000 00356nam a2200145 a 4500
008 010112s1960||||xx 0 und c
040 _aSNK
_bslo
_cSNK
_eAACR2
100 1 _aZátopkovci, Dana a Emil
245 1 0 _aV klincovkách a s oštepom
260 _aBratislava
_bŠport
_c1960
300 _a215 s.
020 _c34
041 _aslo
044 _axo
_cSK
999 _c19691
_d19691